000 00666nam a2200229 i 4500
001 C2-0122211
003 PPAK
005 20180727113612.0
008 970821s1975 io |||| ||||| | may d
040 _aPPAK
_beng
_cPPAK
_erda
082 0 4 _a899.2211
_223
090 0 0 _a899.2211
_bROS
_dKSA
100 1 _aRosidi, Ajip,
_eauthor
245 1 0 _aMembicarakan puisi Indonesia :
_bmembahas para penyair sebelum perang
264 1 _aBandong, Indonesia :
_bC.V. Peladjar ,
_c1975
300 _axii, 194 pages ;
_c21 cm
336 _2rdacontent
_atext
337 _2rdamedia
_aunmediated
338 _2rdacarrier
_avolume
650 1 0 _aIndonesia poetry
942 _ddc
_cB
999 _c35044
_d35044